[Event "FIDE Open World Blitz 2021"]
[Site "Warsaw"]
[Date "2021.12.29"]
[Round "3.29"]
[White "Bluebaum, Matthias"]
[Black "Sindarov, Javokhir"]
[Result "0-1"]
[WhiteElo "2609"]
[BlackElo "2587"]
[Annotator "ChessBase"]
[PlyCount "84"]
[EventDate "2021.12.29"]
[EventType "swiss"]
[EventCountry "POL"]
[Tiebreak "Cut1 Buchholz"]
[SourceTitle "playchess.com"]
[Source "ChessBase"]
[SourceQuality "1"]

1. d4 Nf6 2. c4 c5 3. d5 g6 4. Nc3 Bg7 5. e4 d6 6. h3 O-O 7. Nf3 e6 8. Be3 exd5
9. cxd5 Re8 10. Nd2 Na6 11. Bd3 Nc7 12. O-O a6 13. a4 b6 14. Bg5 Rb8 15. f4 b5
16. axb5 axb5 17. Qf3 c4 18. Bb1 b4 19. Ne2 h6 20. Bh4 Ba6 21. Nd4 c3 22. Nc6
Qc8 23. Rd1 cxd2 24. Nxb8 Qxb8 25. Rxd2 Nd7 26. Kh2 Nc5 27. Bg3 Qd8 28. e5 dxe5
29. fxe5 Bb7 30. Ra7 Bxe5 31. Bxe5 Rxe5 32. Ba2 b3 33. Bxb3 Qd6 34. Kg1 Nxb3
35. Rf2 Re1+ 36. Rf1 Qb6+ 37. Kh2 Rxf1 38. Qxf1 Qxa7 39. d6 Ne6 40. Qb5 Qb8 41.
Qd7 Nbc5 42. Qe7 Ne4 0-1

[Event "FIDE Open World Blitz 2021"]
[Site "Warsaw"]
[Date "2021.12.29"]
[Round "3.29"]
[White "Petrovskyi, Vadym"]
[Black "Sargsyan, Shant"]
[Result "0-1"]
[WhiteElo "2377"]
[BlackElo "2628"]
[Annotator "ChessBase"]
[PlyCount "74"]
[EventDate "2021.12.29"]
[EventType "swiss"]
[EventCountry "POL"]
[Tiebreak "Cut1 Buchholz"]
[SourceTitle "playchess.com"]
[Source "ChessBase"]
[SourceQuality "1"]

1. e4 c5 2. Nf3 Nc6 3. Bb5 e6 4. Bxc6 bxc6 5. d3 Qc7 6. Qe2 e5 7. O-O Ne7 8. a3
Ng6 9. Nc3 Be7 10. Bd2 O-O 11. h3 a5 12. a4 d6 13. b3 f5 14. Rae1 f4 15. Kh2
Be6 16. Nd1 Qd7 17. Nb2 Nh8 18. Nc4 Bd8 19. c3 Nf7 20. d4 Bc7 21. Rd1 Qe7 22.
Bc1 Rab8 23. Qc2 g5 24. dxe5 dxe5 25. Rd3 h5 26. Ne1 g4 27. Rh1 Ng5 28. hxg4
hxg4 29. Kg1 Kg7 30. Kf1 Rh8 31. Rxh8 Rxh8 32. Ke2 Rh1 33. Ba3 Qf7 34. Bxc5
Bxc4 35. bxc4 Qxc4 36. Ba3 Qxe4+ 37. Kd2 Qxe1# 0-1

[Event "FIDE Open World Blitz 2021"]
[Site "Warsaw"]
[Date "2021.12.29"]
[Round "3.30"]
[White "Narayanan.S.L"]
[Black "Caruana, Fabiano"]
[Result "1-0"]
[WhiteElo "2570"]
[BlackElo "2791"]
[Annotator "RC"]
[PlyCount "65"]
[EventDate "2021.12.29"]
[EventType "swiss"]
[EventCountry "POL"]
[Tiebreak "Cut1 Buchholz"]
[SourceTitle "playchess.com"]
[Source "ChessBase"]
[SourceQuality "1"]

1. e4 e5 2. Nf3 Nc6 3. Bc4 Nf6 4. d3 Be7 5. a4 O-O 6. Nc3 d6 7. h3 Be6 8. O-O
Qd7 9. Bg5 h6 10. Bxf6 Bxf6 11. Nd5 Bxd5 12. Bxd5 Ne7 13. Bb3 Ng6 14. Nh2 Nf4
15. Ng4 Be7 16. h4 c6 17. g3 Ne6 18. c3 h5 19. Ne3 g6 20. Qf3 Kg7 21. Kh2 Bf6
22. Qg2 Rad8 23. f4 Nc5 24. Bc2 a5 25. Rf3 Be7 26. f5 Qc7 27. Raf1 Nd7 28. g4
hxg4 29. Nxg4 Nf6 30. fxg6 fxg6 31. Rg1 Nxg4+ 32. Qxg4 Rf6 33. Rxf6 1-0

[Event "FIDE Open World Blitz 2021"]
[Site "Warsaw"]
[Date "2021.12.29"]
[Round "3.30"]
[White "Vakhidov, Jakhongir"]
[Black "Heberla, Bartlomiej"]
[Result "1-0"]
[WhiteElo "2557"]
[BlackElo "2373"]
[Annotator "ChessBase"]
[PlyCount "61"]
[EventDate "2021.12.29"]
[EventType "swiss"]
[EventCountry "POL"]
[Tiebreak "Cut1 Buchholz"]
[SourceTitle "playchess.com"]
[Source "ChessBase"]
[SourceQuality "1"]

1. c4 e6 2. Nc3 d5 3. d4 Nf6 4. cxd5 exd5 5. Bg5 c6 6. e3 Be7 7. Bd3 h6 8. Bh4
O-O 9. Qc2 Re8 10. Nf3 Nbd7 11. O-O Ne4 12. Bxe4 Bxh4 13. Bh7+ Kh8 14. Bd3 Be7
15. Rae1 Nb6 16. Ne5 Kg8 17. f4 Bd6 18. Ne2 Bd7 19. Bh7+ Kf8 20. Nxf7 Kxf7 21.
Qg6+ Kf8 22. Qxd6+ Qe7 23. Qxe7+ Rxe7 24. Nc3 Rae8 25. Bg6 Rd8 26. b3 Nc8 27.
f5 Be8 28. e4 dxe4 29. Nxe4 Nd6 30. Nxd6 Rxd6 31. Rxe7 1-0

[Event "FIDE Open World Blitz 2021"]
[Site "Warsaw"]
[Date "2021.12.29"]
[Round "3.31"]
[White "Duda, Jan-Krzysztof"]
[Black "Krasenkow, Michal"]
[Result "1-0"]
[WhiteElo "2756"]
[BlackElo "2576"]
[Annotator "ChessBase"]
[PlyCount "67"]
[EventDate "2021.12.29"]
[EventType "swiss"]
[EventCountry "POL"]
[Tiebreak "Cut1 Buchholz"]
[SourceTitle "playchess.com"]
[Source "ChessBase"]
[SourceQuality "1"]

1. c4 e5 2. Nc3 Bb4 3. Nd5 Bc5 4. Nf3 c6 5. Nc3 d6 6. e3 Nd7 7. a3 Ngf6 8. d4
Bb6 9. b4 O-O 10. Bb2 Re8 11. Be2 Bc7 12. Qc2 Nf8 13. h3 Qe7 14. g4 exd4 15.
Nxd4 d5 16. g5 Ne4 17. Nxe4 dxe4 18. h4 c5 19. Nb5 Be5 20. Nc3 Bf5 21. Nd5 Qd6
22. O-O-O Qe6 23. h5 cxb4 24. axb4 a5 25. b5 a4 26. Ba3 Nd7 27. h6 Nb6 28. Nxb6
Qxb6 29. hxg7 Bxg7 30. c5 Qa5 31. Bc4 Rac8 32. Kb1 Re5 33. Qd2 Bf8 34. Qxa5 1-0

[Event "FIDE Open World Blitz 2021"]
[Site "Warsaw"]
[Date "2021.12.29"]
[Round "3.31"]
[White "Shoker, Samy"]
[Black "Lubczynski, Rafal"]
[Result "1-0"]
[WhiteElo "2504"]
[BlackElo "2361"]
[Annotator "ChessBase"]
[PlyCount "91"]
[EventDate "2021.12.29"]
[EventType "swiss"]
[EventCountry "POL"]
[Tiebreak "Cut1 Buchholz"]
[SourceTitle "playchess.com"]
[Source "ChessBase"]
[SourceQuality "1"]

1. Nf3 Nf6 2. g3 b5 3. Bg2 Bb7 4. Na3 a6 5. c4 b4 6. Nc2 c5 7. O-O e6 8. d3 d5
9. Ne5 Nbd7 10. Bf4 Nxe5 11. Bxe5 Bd6 12. Bxf6 Qxf6 13. Ne3 Qxb2 14. Qa4+ Ke7
15. cxd5 Rhd8 16. dxe6 Bxg2 17. Kxg2 fxe6 18. Rae1 Be5 19. Nc4 Qd4 20. Kg1 Bc7
21. Rd1 Qd7 22. Qc2 a5 23. Qd2 Qd5 24. Rc1 Rac8 25. Qb2 Kf8 26. Rfd1 a4 27. Qc2
a3 28. Ne3 Qd4 29. Qb3 Qf6 30. Rxc5 Bxg3 31. hxg3 Rxc5 32. Qxb4 Qe7 33. Qxa3
Rc7 34. Qb3 Rdc8 35. Nc4 Qc5 36. a4 Rf7 37. Rf1 Kg8 38. a5 Rcf8 39. e3 Qg5 40.
Kg2 Qd5+ 41. e4 Qd4 42. Qc2 Rf3 43. Ne3 Rxe3 44. fxe3 Qxe3 45. Rxf8+ Kxf8 46.
Qf2+ 1-0

[Event "FIDE Open World Blitz 2021"]
[Site "Warsaw"]
[Date "2021.12.29"]
[Round "3.32"]
[White "Dubov, Daniil"]
[Black "Chigaev, Maksim"]
[Result "1-0"]
[WhiteElo "2714"]
[BlackElo "2626"]
[Annotator "ChessBase"]
[PlyCount "41"]
[EventDate "2021.12.29"]
[EventType "swiss"]
[EventCountry "POL"]
[Tiebreak "Cut1 Buchholz"]
[SourceTitle "playchess.com"]
[Source "ChessBase"]
[SourceQuality "1"]

1. e4 e6 2. d4 d5 3. e5 c5 4. c3 Nc6 5. Nf3 Qb6 6. Na3 cxd4 7. cxd4 Nge7 8. Nc2
Bd7 9. Bd3 Nf5 10. O-O Rc8 11. Bxf5 exf5 12. Nce1 h6 13. h4 Be7 14. h5 Nd8 15.
Nd3 Ne6 16. Re1 g5 17. hxg6 fxg6 18. Nc5 g5 19. Qd3 Rf8 20. b4 Qb5 21. Qxb5 1-0

[Event "FIDE Open World Blitz 2021"]
[Site "Warsaw"]
[Date "2021.12.29"]
[Round "3.32"]
[White "Schneider, Ilja"]
[Black "Blanco Acevedo, Cristobal Jose"]
[Result "1-0"]
[WhiteElo "2486"]
[BlackElo "2350"]
[Annotator "ChessBase"]
[PlyCount "77"]
[EventDate "2021.12.29"]
[EventType "swiss"]
[EventCountry "POL"]
[Tiebreak "Cut1 Buchholz"]
[SourceTitle "playchess.com"]
[Source "ChessBase"]
[SourceQuality "1"]

1. e4 c5 2. Nc3 Nc6 3. Bb5 e6 4. Bxc6 bxc6 5. d3 Ne7 6. f4 d6 7. Nf3 g6 8. O-O
Rb8 9. e5 d5 10. b3 Ba6 11. Na4 c4 12. dxc4 Nf5 13. g4 Nh4 14. Be3 Nxf3+ 15.
Qxf3 Qa5 16. f5 gxf5 17. gxf5 Rg8+ 18. Kh1 Bc8 19. Rg1 Rxg1+ 20. Rxg1 dxc4 21.
Rg8 Qe1+ 22. Kg2 c5 23. Nxc5 Rb6 24. Bh6 Qxe5 25. Rxf8+ Ke7 26. f6+ Kd6 27. Bf4
Kxc5 28. Bxe5 Bb7 29. Rxf7 Bxf3+ 30. Kxf3 Kd5 31. Bc7 Rc6 32. Rd7+ Kc5 33. f7
cxb3 34. f8=Q+ Kb5 35. cxb3 Rc3+ 36. Ke2 a5 37. Qb8+ Kc6 38. Rd6+ Kc5 39. Qb6#
1-0

[Event "FIDE Open World Blitz 2021"]
[Site "Warsaw"]
[Date "2021.12.29"]
[Round "3.33"]
[White "Wojtaszek, Radoslaw"]
[Black "Piorun, Kacper"]
[Result "1/2-1/2"]
[WhiteElo "2700"]
[BlackElo "2634"]
[Annotator "ChessBase"]
[PlyCount "160"]
[EventDate "2021.12.29"]
[EventType "swiss"]
[EventCountry "POL"]
[Tiebreak "Cut1 Buchholz"]
[SourceTitle "playchess.com"]
[Source "ChessBase"]
[SourceQuality "1"]

1. d4 Nf6 2. c4 g6 3. g3 Bg7 4. Bg2 O-O 5. Nc3 d6 6. Nf3 Bf5 7. Nh4 Bc8 8. O-O
Nc6 9. Nf3 Bf5 10. Be3 Ne4 11. Nd5 Bd7 12. Rc1 e6 13. Nc3 Nxc3 14. Rxc3 e5 15.
dxe5 Nxe5 16. Nxe5 Bxe5 17. Bd4 Qf6 18. Bxe5 Qxe5 19. Qd5 Rab8 20. e3 b6 21.
Qxe5 dxe5 22. Rd1 Be6 23. Bd5 Rbd8 24. Rcd3 Rd6 25. Bxe6 Rxe6 26. Rd7 Rc6 27.
b3 Re8 28. Kg2 a5 29. a4 Kf8 30. R1d5 Kg7 31. Kf3 Kf6 32. Ke4 Ke6 33. g4 h6 34.
h4 f5+ 35. gxf5+ gxf5+ 36. Kf3 Kf6 37. h5 Kg5 38. Rf7 Rf6 39. Rxc7 Kxh5 40. Rg7
Rg6 41. Rxg6 Kxg6 42. Rd6+ Kg5 43. Rxb6 Rd8 44. Rb5 e4+ 45. Ke2 Rd3 46. c5 h5
47. c6 Rc3 48. Rxa5 Rxc6 49. Ra8 Rc2+ 50. Kf1 h4 51. Kg2 Rb2 52. Rb8 Kg4 53.
Rg8+ Kh5 54. Rh8+ Kg4 55. Rg8+ Kh5 56. a5 Rxb3 57. a6 Ra3 58. Ra8 Kg6 59. Kh3
f4 60. a7 fxe3 61. fxe3 Kg7 62. Kxh4 Ra4 63. Kg3 Kh7 64. Kf4 Kg7 65. Ke5 Kh7
66. Kf6 Ra6+ 67. Kf7 Ra1 68. Kf8 Rf1+ 69. Ke7 Ra1 70. Kd6 Ra2 71. Re8 Ra6+ 72.
Ke5 Rxa7 73. Kxe4 Kg7 74. Kd5 Kf7 75. Re4 Ra5+ 76. Kd6 Ra6+ 77. Kc5 Ra5+ 78.
Kb6 Rd5 79. Kc6 Rd3 80. Kc5 Kf6 1/2-1/2

[Event "FIDE Open World Blitz 2021"]
[Site "Warsaw"]
[Date "2021.12.29"]
[Round "3.33"]
[White "Tazbir, Marcin"]
[Black "Wieczorek, Oskar"]
[Result "1-0"]
[WhiteElo "2508"]
[BlackElo "2258"]
[Annotator "ChessBase"]
[PlyCount "73"]
[EventDate "2021.12.29"]
[EventType "swiss"]
[EventCountry "POL"]
[Tiebreak "Cut1 Buchholz"]
[SourceTitle "playchess.com"]
[Source "ChessBase"]
[SourceQuality "1"]

1. c4 c5 2. g3 Nc6 3. Bg2 g6 4. Nc3 Bg7 5. e3 e6 6. Nge2 Nge7 7. Nf4 O-O 8. Rb1
d6 9. a3 Rb8 10. b4 b6 11. O-O Ne5 12. Qe2 Bb7 13. Bxb7 Rxb7 14. Bb2 Rc7 15. d3
d5 16. cxd5 exd5 17. Nb5 Rd7 18. bxc5 bxc5 19. Rfc1 a6 20. Nc3 c4 21. dxc4 Nxc4
22. Ba1 Nxa3 23. Rb3 Nc4 24. e4 Na5 25. Ra3 d4 26. Ncd5 Nxd5 27. Nxd5 Re8 28.
Qd3 Nb7 29. Bxd4 Rxd5 30. exd5 Qxd5 31. Bxg7 Qxd3 32. Rxd3 Kxg7 33. Rc7 Nd8 34.
Kg2 Ne6 35. Ra7 Rf8 36. Re3 h5 37. Rxe6 1-0

[Event "FIDE Open World Blitz 2021"]
[Site "Warsaw"]
[Date "2021.12.29"]
[Round "3.34"]
[White "Jobava, Baadur"]
[Black "Dvirnyy, Danyyil"]
[Result "0-1"]
[WhiteElo "2582"]
[BlackElo "2493"]
[Annotator "ChessBase"]
[PlyCount "96"]
[EventDate "2021.12.29"]
[EventType "swiss"]
[EventCountry "POL"]
[Tiebreak "Cut1 Buchholz"]
[SourceTitle "playchess.com"]
[Source "ChessBase"]
[SourceQuality "1"]

1. g4 d5 2. e3 e5 3. Bg2 c6 4. d3 Bd6 5. h3 Ne7 6. Nc3 f5 7. gxf5 Nxf5 8. Nf3
Nh4 9. Nxh4 Qxh4 10. Bd2 O-O 11. Qe2 Nd7 12. Rf1 Nf6 13. O-O-O Bd7 14. Rg1 Rf7
15. Rdf1 Raf8 16. Nd1 Nh5 17. Be1 g6 18. f4 Qe7 19. Bxd5 cxd5 20. Qxh5 exf4 21.
Qxd5 Bxh3 22. Rf3 Be6 23. Qd4 Bc5 24. Qe5 Bc8 25. Qxe7 Rxe7 26. Rgf1 Bg4 27.
Rxf4 Rxf4 28. Rxf4 Bxd1 29. Kxd1 Bxe3 30. Rc4 h5 31. d4 g5 32. d5 Bf4 33. Bd2
Bxd2 34. Kxd2 h4 35. Rg4 Re5 36. c4 Kf7 37. Kd3 Kf6 38. Kd4 Re2 39. d6 h3 40.
Rg3 h2 41. Rh3 g4 42. Rh8 g3 43. Kd3 Re6 44. c5 Re5 45. Kd4 Re1 46. Rh6+ Kg7
47. Rh3 h1=Q 48. Rxh1 Rxh1 0-1

[Event "FIDE Open World Blitz 2021"]
[Site "Warsaw"]
[Date "2021.12.29"]
[Round "3.34"]
[White "Sallam, Sabri Abdul-Mawla"]
[Black "Costachi, Mihnea"]
[Result "0-1"]
[WhiteElo "2194"]
[BlackElo "2463"]
[Annotator "ChessBase"]
[PlyCount "46"]
[EventDate "2021.12.29"]
[EventType "swiss"]
[EventCountry "POL"]
[Tiebreak "Cut1 Buchholz"]
[SourceTitle "playchess.com"]
[Source "ChessBase"]
[SourceQuality "1"]

1. d4 Nf6 2. c4 g6 3. Nc3 Bg7 4. e4 O-O 5. Nge2 d6 6. Ng3 c5 7. d5 b5 8. cxb5
a6 9. h4 axb5 10. Bxb5 h5 11. Bg5 Ba6 12. O-O Bxb5 13. Nxb5 Qb6 14. Qe2 Nbd7
15. a4 Rfe8 16. Qc2 Ng4 17. Rae1 Nde5 18. f3 Nf6 19. f4 c4+ 20. Kh1 Nd3 21.
Qxc4 Nxe1 22. Rxe1 Qf2 23. Qc3 Ng4 0-1

[Event "FIDE Open World Blitz 2021"]
[Site "Warsaw"]
[Date "2021.12.29"]
[Round "3.35"]
[White "Mamedov, Rauf"]
[Black "Kovalev, Vladislav"]
[Result "1/2-1/2"]
[WhiteElo "2673"]
[BlackElo "2634"]
[Annotator "ChessBase"]
[PlyCount "81"]
[EventDate "2021.12.29"]
[EventType "swiss"]
[EventCountry "POL"]
[Tiebreak "Cut1 Buchholz"]
[SourceTitle "playchess.com"]
[Source "ChessBase"]
[SourceQuality "1"]

1. Nf3 Nf6 2. g3 e6 3. Bg2 d5 4. O-O Be7 5. b3 b6 6. c4 Bb7 7. e3 dxc4 8. bxc4
O-O 9. Bb2 c5 10. Qe2 Nc6 11. d3 Qc7 12. Nc3 a6 13. Rab1 Rab8 14. Ba1 Rfd8 15.
Rfd1 Na5 16. Ne1 Bxg2 17. Nxg2 Ne8 18. f4 Nd6 19. Qg4 Bf8 20. a4 Nc6 21. Qe2
Nb4 22. g4 Qc6 23. e4 Ne8 24. e5 Nc7 25. Ne3 b5 26. axb5 axb5 27. f5 Rd7 28. f6
g6 29. g5 Rbd8 30. Qg2 Qxg2+ 31. Nxg2 bxc4 32. dxc4 Rd4 33. Ne3 h6 34. h4 Ra8
35. Ng2 Rxc4 36. Ne2 Ncd5 37. Bb2 Re4 38. Ng3 Rg4 39. Kh2 Ra2 40. Kh3 hxg5 41.
Kxg4 1/2-1/2

[Event "FIDE Open World Blitz 2021"]
[Site "Warsaw"]
[Date "2021.12.29"]
[Round "3.35"]
[White "Kozak, Adam"]
[Black "Elier, Ali"]
[Result "1-0"]
[WhiteElo "2532"]
[BlackElo "2194"]
[Annotator "ChessBase"]
[PlyCount "65"]
[EventDate "2021.12.29"]
[EventType "swiss"]
[EventCountry "POL"]
[Tiebreak "Cut1 Buchholz"]
[SourceTitle "playchess.com"]
[Source "ChessBase"]
[SourceQuality "1"]

1. Nf3 Nf6 2. c4 g6 3. Nc3 Bg7 4. e4 d6 5. d4 O-O 6. Be2 e5 7. O-O Nc6 8. Be3
Nd7 9. Rc1 f5 10. exf5 gxf5 11. dxe5 Ndxe5 12. Bf4 Kh8 13. b3 Ng6 14. Bg5 Bf6
15. Bh6 Rg8 16. Nd5 Nge5 17. Bf4 Be6 18. Re1 Bxd5 19. cxd5 Nxf3+ 20. Bxf3 Ne5
21. g3 Qd7 22. Bg2 Rae8 23. Qc2 Rg7 24. Kh1 Rf8 25. Re2 Ng4 26. h3 Ne5 27. Bh6
Rfg8 28. Bxg7+ Rxg7 29. f4 Ng6 30. Qd3 h6 31. Re6 Bd8 32. Qxf5 Kh7 33. Be4 1-0

[Event "FIDE Open World Blitz 2021"]
[Site "Warsaw"]
[Date "2021.12.29"]
[Round "3.36"]
[White "Van Foreest, Jorden"]
[Black "Niemann, Hans Moke"]
[Result "1/2-1/2"]
[WhiteElo "2566"]
[BlackElo "2635"]
[Annotator "ChessBase"]
[PlyCount "137"]
[EventDate "2021.12.29"]
[EventType "swiss"]
[EventCountry "POL"]
[Tiebreak "Cut1 Buchholz"]
[SourceTitle "playchess.com"]
[Source "ChessBase"]
[SourceQuality "1"]

1. e4 c5 2. Nf3 d6 3. d4 cxd4 4. Qxd4 Nf6 5. Nc3 Nc6 6. Bb5 Bd7 7. Bxc6 Bxc6 8.
Bg5 e6 9. O-O-O Be7 10. Rhe1 O-O 11. e5 dxe5 12. Nxe5 Qxd4 13. Rxd4 Rfc8 14.
Nxc6 Rxc6 15. Ne4 Rac8 16. Re2 Kf8 17. Nxf6 Bxf6 18. Bxf6 gxf6 19. Rd7 R6c7 20.
Red2 Ke8 21. Rxc7 Rxc7 22. b3 Rc5 23. Kb2 Rh5 24. h3 Rg5 25. g3 h5 26. h4 Rf5
27. c4 Rf3 28. c5 a5 29. Ka3 Rc3 30. Rd6 Rxc5 31. Rb6 Rc7 32. Rb5 f5 33. Kb2 a4
34. b4 Kd7 35. Ra5 f4 36. Rxh5 fxg3 37. fxg3 Rc4 38. Rb5 b6 39. Rxb6 Rg4 40. b5
Rxg3 41. Rb7+ Kd6 42. Rxf7 Kc5 43. Rf2 Kxb5 44. Rh2 Rg6 45. Kc3 Kc5 46. h5 Rh6
47. Rh4 e5 48. Kd3 Kd5 49. Ke3 Ke6 50. Ke4 Kf6 51. Rh1 Kg5 52. Rg1+ Kf6 53.
Rf1+ Kg5 54. Rg1+ Kf6 55. Rf1+ Kg5 56. Kxe5 Rxh5 57. Rf5+ Kg6 58. Rxh5 Kxh5 59.
Kd6 Kg6 60. Kc6 Kf7 61. Kb5 Ke8 62. Kxa4 Kd7 63. Kb5 Kc7 64. Ka6 Kb8 65. Kb6
Ka8 66. a4 Kb8 67. a5 Ka8 68. a6 Kb8 69. a7+ 1/2-1/2

[Event "FIDE Open World Blitz 2021"]
[Site "Warsaw"]
[Date "2021.12.29"]
[Round "3.36"]
[White "Masternak, Grzegorz"]
[Black "Zilka, Stepan"]
[Result "1/2-1/2"]
[WhiteElo "2188"]
[BlackElo "2593"]
[Annotator "ChessBase"]
[PlyCount "79"]
[EventDate "2021.12.29"]
[EventType "swiss"]
[EventCountry "POL"]
[Tiebreak "Cut1 Buchholz"]
[SourceTitle "playchess.com"]
[Source "ChessBase"]
[SourceQuality "1"]

1. e4 e5 2. Nf3 Nc6 3. d4 exd4 4. Bc4 Nf6 5. e5 d5 6. Bb5 Nd7 7. O-O Be7 8.
Bxc6 bxc6 9. Nxd4 Nb8 10. Nc3 O-O 11. h3 c5 12. Nf3 c6 13. Bf4 Na6 14. Qd2 h6
15. Ne2 Nc7 16. Bg3 Ne6 17. Nf4 Rb8 18. b3 Rb4 19. Rfe1 Ng5 20. Qd1 Bf5 21.
Nxg5 hxg5 22. Nd3 Rd4 23. Qe2 c4 24. Nb2 Bb4 25. Red1 Bc3 26. Rab1 Qa5 27. Na4
Rxd1+ 28. Rxd1 Bb4 29. Qh5 Bxc2 30. Rc1 cxb3 31. axb3 Bxb3 32. e6 Bxa4 33. e7
Bxe7 34. Qg4 Bb5 35. Be5 Qd2 36. Ra1 Qb4 37. Qf5 Qe4 38. Qxe4 dxe4 39. Rxa7 Bf6
40. Ra1 1/2-1/2

[Event "FIDE Open World Blitz 2021"]
[Site "Warsaw"]
[Date "2021.12.29"]
[Round "3.37"]
[White "Najer, Evgeniy"]
[Black "Anton Guijarro, David"]
[Result "1-0"]
[WhiteElo "2654"]
[BlackElo "2669"]
[Annotator "ChessBase"]
[PlyCount "61"]
[EventDate "2021.12.29"]
[EventType "swiss"]
[EventCountry "POL"]
[Tiebreak "Cut1 Buchholz"]
[SourceTitle "playchess.com"]
[Source "ChessBase"]
[SourceQuality "1"]

1. e4 e5 2. Nf3 Nc6 3. Bb5 a6 4. Ba4 Nf6 5. O-O Be7 6. Re1 b5 7. Bb3 O-O 8. a4
Bb7 9. d3 d6 10. Nbd2 Nd7 11. c3 Nc5 12. Bc2 Nxa4 13. Bxa4 bxa4 14. Qxa4 Kh8
15. d4 f5 16. d5 Nb8 17. Qb4 Bc8 18. c4 c5 19. Qa5 Qe8 20. b4 Nd7 21. Ba3 Bd8
22. Qa4 Qg6 23. Qc6 Rb8 24. bxc5 dxc5 25. exf5 Rxf5 26. Ne4 Qxc6 27. dxc6 Nb6
28. Nd6 Rf6 29. Rxe5 h6 30. Re8+ Kh7 31. Rxd8 1-0

[Event "FIDE Open World Blitz 2021"]
[Site "Warsaw"]
[Date "2021.12.29"]
[Round "3.37"]
[White "Sadzikowski, Daniel"]
[Black "Gluszko, Tomasz"]
[Result "1/2-1/2"]
[WhiteElo "2415"]
[BlackElo "2086"]
[Annotator "NA"]
[PlyCount "141"]
[EventDate "2021.12.29"]
[EventType "swiss"]
[EventCountry "POL"]
[Tiebreak "Cut1 Buchholz"]
[SourceTitle "playchess.com"]
[Source "ChessBase"]
[SourceQuality "1"]

1. Nf3 Nf6 2. c4 g6 3. g3 Bg7 4. Bg2 O-O 5. O-O d5 6. cxd5 Nxd5 7. Nc3 Nb6 8.
d3 e5 9. Be3 h6 10. Rc1 Nc6 11. a3 Bg4 12. h3 Be6 13. Kh2 Re8 14. Qd2 Kh7 15.
Ne4 Nd4 16. Bxd4 exd4 17. Nc5 Bd5 18. Ne1 Bxg2 19. Nxg2 Rb8 20. Rfe1 Nd5 21.
Nf4 Re7 22. Rc2 c6 23. Nxd5 Qxd5 24. e4 dxe3 25. fxe3 Rbe8 26. e4 Qd6 27. Rf1
Be5 28. Rf3 h5 29. Kg2 b6 30. Nb3 c5 31. Qe2 Kg7 32. Nd2 Bd4 33. Nc4 Qe6 34.
Qf1 Rd8 35. Re2 b5 36. Ne3 Bxe3 37. Rexe3 Red7 38. h4 Qe5 39. Qf2 a6 40. Kh2
Qe6 41. Kg2 Qe5 42. Kh2 Qe6 43. Qc2 Qe5 44. Qc3 Rd4 45. Kg2 R8d7 46. Rf4 Kg8
47. Ref3 Qd6 48. Rf6 Qe5 49. Rxa6 b4 50. axb4 cxb4 51. Ra8+ Kg7 52. Qc8 Rd8 53.
Qxd8 Rxd8 54. Rxd8 Qxb2+ 55. Rf2 Qc3 56. Rd7 Qb3 57. e5 Qe6 58. Ra7 b3 59. Kh2
Qd5 60. e6 Qxe6 61. Rb7 Qd5 62. Rb8 Qd4 63. Rg2 Qxd3 64. Rb2 Qc3 65. R8xb3 Qc4
66. Rf3 Qd4 67. Rbf2 Qd7 68. Rf6 Qe7 69. R6f3 Qb7 70. Rf4 Qc7 71. R4f3 1/2-1/2

[Event "FIDE Open World Blitz 2021"]
[Site "Warsaw"]
[Date "2021.12.29"]
[Round "3.38"]
[White "Karjakin, Sergey"]
[Black "Postny, Evgeny"]
[Result "0-1"]
[WhiteElo "2743"]
[BlackElo "2557"]
[Annotator "ChessBase"]
[PlyCount "128"]
[EventDate "2021.12.29"]
[EventType "swiss"]
[EventCountry "POL"]
[Tiebreak "Cut1 Buchholz"]
[SourceTitle "playchess.com"]
[Source "ChessBase"]
[SourceQuality "1"]

1. e4 e5 2. Nf3 Nc6 3. Bb5 a6 4. Ba4 Nf6 5. O-O Be7 6. Re1 b5 7. Bb3 d6 8. c3
Na5 9. Bc2 c5 10. d4 Qc7 11. d5 O-O 12. b3 Bd7 13. Nbd2 c4 14. b4 Nb7 15. a4
Rfb8 16. Nf1 Nd8 17. Be3 Ne8 18. Qe2 g6 19. Ra2 f6 20. Rea1 Qc8 21. Ra3 Nf7 22.
R1a2 Bf8 23. Qe1 Bh6 24. Qa1 Nc7 25. h3 f5 26. Bxh6 Nxh6 27. exf5 gxf5 28. Qd1
Qf8 29. Ng3 Kh8 30. axb5 Nxb5 31. Qd2 Nxa3 32. Rxa3 Qf6 33. Ng5 Rg8 34. h4 Nf7
35. Nxf7+ Qxf7 36. Qe2 Qxd5 37. Ra5 Qf7 38. Qd2 Rg6 39. Rd5 Qf8 40. h5 Rf6 41.
Qe2 Bc6 42. Ra5 Bb5 43. Qf3 f4 44. Ne4 Rh6 45. Ng5 Re8 46. Qb7 Re7 47. Qf3 Rg7
48. Ne4 Qd8 49. Qh3 Bd7 50. Qh2 Bf5 51. Rxa6 f3 52. Ng3 Bxc2 53. Qh3 Bd3 54.
gxf3 Rf6 55. Qh4 Qf8 56. h6 Rgg6 57. Ra7 Rxh6 58. Qg4 Rhg6 59. Qh3 Rg7 60. Ra6
Rxf3 61. Rc6 Bf5 62. Qh4 Bd7 63. Rc7 Rxf2 64. Rxc4 Rf1+ 0-1

[Event "FIDE Open World Blitz 2021"]
[Site "Warsaw"]
[Date "2021.12.29"]
[Round "3.39"]
[White "Jumabayev, Rinat"]
[Black "Onyshchuk, Volodymyr"]
[Result "1-0"]
[WhiteElo "2658"]
[BlackElo "2622"]
[Annotator "ChessBase"]
[PlyCount "85"]
[EventDate "2021.12.29"]
[EventType "swiss"]
[EventCountry "POL"]
[Tiebreak "Cut1 Buchholz"]
[SourceTitle "playchess.com"]
[Source "ChessBase"]
[SourceQuality "1"]

1. d4 d6 2. Nf3 g6 3. g3 Bg7 4. Bg2 Nf6 5. c4 O-O 6. Nc3 Nc6 7. O-O e5 8. d5
Nb8 9. e4 Nfd7 10. Ne1 a5 11. Be3 Na6 12. a3 Nb6 13. b3 f5 14. exf5 gxf5 15.
Rc1 Bd7 16. Nd3 Qe7 17. Re1 a4 18. Nb5 axb3 19. Qxb3 e4 20. Nf4 Nc8 21. c5 Bxb5
22. Qxb5 Nxc5 23. Bxc5 dxc5 24. Ne6 b6 25. Nxf8 Kxf8 26. g4 Nd6 27. Qb3 Be5 28.
Qh3 Qg7 29. gxf5 Ra4 30. Kh1 h6 31. Rc2 Qf6 32. f3 e3 33. f4 Rxf4 34. Qxe3 Rxf5
35. Bh3 Rf3 36. Qxe5 Qxe5 37. Rxe5 Rxh3 38. Rf2+ Kg8 39. Re7 Rxa3 40. Rxc7 Rd3
41. Rd7 Rxd5 42. Rf6 Ne4 43. Rg6+ 1-0

[Event "FIDE Open World Blitz 2021"]
[Site "Warsaw"]
[Date "2021.12.29"]
[Round "3.40"]
[White "Adly, Ahmed"]
[Black "Kantor, Gergely"]
[Result "1-0"]
[WhiteElo "2602"]
[BlackElo "2566"]
[Annotator "ChessBase"]
[PlyCount "117"]
[EventDate "2021.12.29"]
[EventType "swiss"]
[EventCountry "POL"]
[Tiebreak "Cut1 Buchholz"]
[SourceTitle "playchess.com"]
[Source "ChessBase"]
[SourceQuality "1"]

1. Nf3 d5 2. d4 Nf6 3. g3 g6 4. Bg2 Bg7 5. c4 c6 6. O-O O-O 7. cxd5 cxd5 8. Nc3
Ne4 9. Ng5 Nxg5 10. Bxg5 h6 11. Bf4 Nc6 12. Nxd5 Nxd4 13. Bxh6 Bxh6 14. Qxd4
Bg7 15. Qb4 Re8 16. Rac1 a5 17. Qa3 Be5 18. Rfd1 Bd6 19. Nxe7+ Qxe7 20. Qxd6
Qxe2 21. Bd5 Be6 22. Bxe6 Rxe6 23. Qd4 Rae8 24. h4 Re4 25. Qd2 Qb5 26. Qc2 Re2
27. Qc5 Rxb2 28. Qxb5 Rxb5 29. Rc2 Re7 30. Rd4 Kg7 31. Kg2 Rbe5 32. Ra4 b6 33.
Rb2 R7e6 34. Rd4 Re2 35. Rdd2 Rxd2 36. Rxd2 Re4 37. Rb2 Ra4 38. Kf3 Ra3+ 39.
Ke4 b5 40. Kd4 b4 41. Kc4 Kf6 42. Kb5 Kf5 43. Rd2 Kg4 44. Rd4+ Kf5 45. Rd2 Ke4
46. Kc5 Kf3 47. Kd6 a4 48. Ke7 Rc3 49. Kxf7 a3 50. Kxg6 Rc1 51. h5 Rb1 52. h6
Rb2 53. Rd3+ Ke2 54. Rd8 Rxa2 55. h7 b3 56. h8=Q b2 57. Qe5+ Kf1 58. Rd1+ Kg2
59. Qd5+ 1-0